[Event "Paris-ch op-B 87th"]
[White "Baron, Thierry"]
[Black "Yacob, Francois"]
[Site "Paris"]
[Round "9"]
[Result "1-0"]
[Date "2012.07.15"]
[WhiteElo "2274"]
[BlackElo "2145"]
[PlyCount "99"]
[EventDate "2012.07.07"]
[EventType "swiss"]
[EventRounds "9"]
[EventCountry "FRA"]
[SourceTitle "EXT 2013"]
[Source "ChessBase"]
[SourceDate "2012.11.22"]
[SourceVersion "1"]
[SourceVersionDate "2012.11.22"]
[SourceQuality "1"]

1. e4 c5 2. Nf3 Nc6 3. d4 cxd4 4. Nxd4 Nf6 5. Nc3 e5 6. Ndb5 d6 7. Bg5 a6 8. Na3 b5 9. Nd5 Be7 10. Bxf6 Bxf6 11. c3 0-0 12. Nc2 Bg5 13. a4 bxa4 14. Rxa4 a5 15. Bc4 Be6 16. 0-0 Ne7 17. Qd3 Bxd5 18. Bxd5 Rb8 19. Ra2 Qc7 20. Na3 Qc5 21. Nc4 Nxd5 22. Qxd5 Qxd5 23. exd5 Rb5 24. Rxa5 Rxa5 25. Nxa5 Rc8 26. Nc6 Ra8 27. Rb1 f5 28. b4 Bd8 29. Kf1 Bb6 30. Ne7+ Kh8 31. Nxf5 Rf8 32. Nxd6 Rxf2+ 33. Ke1 Rxg2 34. Rd1 Rxh2 35. c4 Bd4 36. Kf1 Be3 37. c5 Rf2+ 38. Ke1 Rc2 39. Ne4 Kg8 40. Rb1 h5 41. b5 Rg2 42. Rb4 h4 43. b6 h3 44. b7 h2 45. b8Q+ Kh7 46. Nf6+ gxf6 47. Rb7+ Rg7 48. Rxg7+ Kxg7 49. Qb7+ Kg6 50. d6 1-0

[Event "Paris-ch op-B 87th"]
[White "Masset, Jacques"]
[Black "Yacob, Francois"]
[Site "Paris"]
[Round "8"]
[Result "0-1"]
[Date "2012.07.14"]
[WhiteElo "2031"]
[BlackElo "2145"]
[PlyCount "48"]
[EventDate "2012.07.07"]
[EventType "swiss"]
[EventRounds "9"]
[EventCountry "FRA"]
[SourceTitle "EXT 2013"]
[Source "ChessBase"]
[SourceDate "2012.11.22"]
[SourceVersion "1"]
[SourceVersionDate "2012.11.22"]
[SourceQuality "1"]

1. e4 c5 2. Nf3 e6 3. c3 Nf6 4. e5 Nd5 5. c4 Nc7 6. b3 d5 7. exd6 Bxd6 8. Bb2 0-0 9. Bd3 e5 10. 0-0 Nc6 11. Be4 Nd4 12. Nxd4 exd4 13. d3 f5 14. Bf3 Ne6 15. Re1 Kh8 16. b4 cxb4 17. a3 Rb8 18. axb4 Bxb4 19. Re5 Qf6 20. Rb5 a5 21. Ba3 Ng5 22. Bxb4 axb4 23. Rxb4 Nxf3+ 24. Qxf3 Qe7 0-1

[Event "Paris-ch op-B 87th"]
[White "Yacob, Francois"]
[Black "Mezioud, Rimel"]
[Site "Paris"]
[Round "5"]
[Result "0-1"]
[Date "2012.07.11"]
[WhiteElo "2145"]
[BlackElo "2034"]
[PlyCount "78"]
[EventDate "2012.07.07"]
[EventType "swiss"]
[EventRounds "9"]
[EventCountry "FRA"]
[SourceTitle "EXT 2013"]
[Source "ChessBase"]
[SourceDate "2012.11.22"]
[SourceVersion "1"]
[SourceVersionDate "2012.11.22"]
[SourceQuality "1"]

1. e4 c5 2. Nf3 Nc6 3. d4 cxd4 4. Nxd4 Nf6 5. Nc3 e5 6. Ndb5 d6 7. Bg5 a6 8. Na3 b5 9. Nd5 Be7 10. Bxf6 Bxf6 11. c3 g6 12. Nc2 Bg7 13. g3 0-0 14. Bg2 Ne7 15. Nce3 Rb8 16. 0-0 f5 17. f4 Kh8 18. Kh1 Bb7 19. Qd3 fxe4 20. Bxe4 Nxd5 21. Bxd5 exf4 22. Rxf4 Rxf4 23. gxf4 Qd7 24. Rd1 Rf8 25. Qe4 Bc8 26. Bc6 Qc7 27. Rf1 Bh3 28. Rf3 Bc8 29. Rf2 Qb6 30. Rd2 Qc5 31. Bd5 Bd7 32. Qf3 Re8 33. Be4 b4 34. c4 Bd4 35. Nd5 Qxc4 36. Rc2 Qxa2 37. Kg2 Qb1 38. Ne3 Bxe3 39. Qxe3 Qxc2+ 0-1

[Event "Paris-ch op-B 87th"]
[White "Yacob, Francois"]
[Black "Jego, Eric"]
[Site "Paris"]
[Round "1"]
[Result "1-0"]
[Date "2012.07.07"]
[WhiteElo "2145"]
[BlackElo "1951"]
[PlyCount "37"]
[EventDate "2012.07.07"]
[EventType "swiss"]
[EventRounds "9"]
[EventCountry "FRA"]
[SourceTitle "EXT 2013"]
[Source "ChessBase"]
[SourceDate "2012.11.22"]
[SourceVersion "1"]
[SourceVersionDate "2012.11.22"]
[SourceQuality "1"]

1. e4 e6 2. d4 d5 3. Nc3 Bb4 4. e5 c5 5. Bd2 Bd7 6. Qg4 Ne7 7. dxc5 Bxc5 8. Qxg7 Rg8 9. Qxh7 Qb6 10. Nh3 Nbc6 11. Na4 Bxf2+ 12. Nxf2 Qc7 13. 0-0-0 Nxe5 14. Nc3 Qb6 15. Re1 N5g6 16. Nxd5 exd5 17. Qxg8+ Nf8 18. Ng4 Bf5 19. Bb5+ 1-0

[Event "FRA-chT2 North 0809"]
[White "Yacob, Francois"]
[Black "Goasdoue, Vincent M"]
[Site "France"]
[Round "10.5"]
[Result "1-0"]
[Date "2009.04.04"]
[WhiteElo "2167"]
[BlackElo "2144"]
[PlyCount "119"]
[EventDate "2008.10.19"]
[EventType "tourn"]
[EventRounds "11"]
[EventCountry "FRA"]
[SourceTitle "EXT 2010"]
[Source "ChessBase"]
[SourceDate "2010.11.25"]
[SourceVersion "1"]
[SourceVersionDate "2010.11.25"]
[SourceQuality "1"]
[WhiteTeam "Cergy Pontoise"]
[BlackTeam "Arras"]
[WhiteTeamCountry "FRA"]
[BlackTeamCountry "FRA"]

1. e4 g6 2. d4 Bg7 3. Nc3 d6 4. Be3 a6 5. Qd2 Nd7 6. 0-0-0 b5 7. f3 Bb7 8. h4 h5 9. Nh3 c5 10. dxc5 Nxc5 11. Ng5 Rc8 12. Bd4 Nf6 13. Nd5 Ncd7 14. Nxf6+ Nxf6 15. Bd3 e6 16. Kb1 d5 17. e5 Nd7 18. Qf4 Qe7 19. g4 Nc5 20. Be2 Nd7 21. Rhg1 Nb8 22. Bd3 Nc6 23. gxh5 Rxh5 24. Nxf7 Rxh4 25. Nd6+ Kd7 26. Rg4 Rf8 27. Qe3 Rxg4 28. fxg4 Nxd4 29. Nxb7 Nc6 30. Nc5+ Kc8 31. Nxa6 Nxe5 32. Qb6 Qb7 33. Qxe6+ Qd7 34. Qb6 Qb7 35. Qc5+ Qc6 36. Qxc6+ Nxc6 37. Bxb5 Ne7 38. Nc5 Rf6 39. Re1 Rf7 40. a4 Bd4 41. Ba6+ Kb8 42. Ne6 Bb6 43. Ng5 Rg7 44. Bd3 Bf2 45. Re6 Bh4 46. Nf3 Bg3 47. a5 g5 48. a6 Bf2 49. Ne5 Kc7 50. Ka2 Bd4 51. Nf3 Bf2 52. Ne5 Bd4 53. Bb5 Bxe5 54. Rxe5 Kd6 55. Re3 Nc8 56. Re8 Rc7 57. Bd3 Ne7 58. b4 Nc6 59. Ka3 Ne5 60. Rxe5 1-0

[Event "FRA-chT2 West 0708"]
[White "Yacob, Francois"]
[Black "Coursaget, Nicolas"]
[Site "France"]
[Round "10.2"]
[Result "0-1"]
[Date "2008.04.05"]
[WhiteElo "2179"]
[BlackElo "2334"]
[PlyCount "90"]
[EventDate "2007.10.21"]
[EventType "team-tourn"]
[EventRounds "11"]
[EventCountry "FRA"]
[SourceTitle "EXT 2009"]
[Source "ChessBase"]
[SourceDate "2008.11.26"]
[SourceVersion "1"]
[SourceVersionDate "2008.11.26"]
[SourceQuality "1"]
[WhiteTeam "Cergy Pontoise"]
[BlackTeam "Lisieux"]
[WhiteTeamCountry "FRA"]
[BlackTeamCountry "FRA"]

1. e4 c5 2. Nf3 Nc6 3. d4 cxd4 4. Nxd4 Nf6 5. Nc3 e5 6. Ndb5 d6 7. Bg5 a6 8. Na3 b5 9. Nd5 Be7 10. Bxf6 Bxf6 11. c3 0-0 12. Nc2 Bg5 13. h4 Bh6 14. g3 Kh8 15. Bg2 Ne7 16. Ncb4 Bb7 17. a4 a5 18. Nxe7 axb4 19. Nf5 bxc3 20. bxc3 Qa5 21. 0-0 bxa4 22. Nxh6 gxh6 23. Qxd6 Kg7 24. Rfb1 Rfd8 25. Qe7 Bc6 26. Bf1 Rd7 27. Qb4 Rd2 28. Qc4 Qc7 29. Be2 Bd7 30. Re1 Rc8 31. Qb4 Bc6 32. Rad1 Rcd8 33. Qc4 Qb6 34. Rxd2 Rxd2 35. Rd1 Bb5 36. Rxd2 Bxc4 37. Bxc4 Qb1+ 38. Kh2 Qxe4 39. Ba2 Qe1 40. Rc2 Qd1 41. Rb2 a3 42. Rb3 Qc2 43. Rxa3 Qxf2+ 44. Kh3 h5 45. Ra8 Qf3 0-1

[Event "FRA-chT2B 0506"]
[White "Yacob, Francois"]
[Black "Marquis, Ambroise"]
[Site "France"]
[Round "9.7"]
[Result "1-0"]
[Date "2006.03.12"]
[WhiteElo "2163"]
[BlackElo "2000"]
[PlyCount "49"]
[EventDate "2005.10.27"]
[EventType "team-tourn"]
[EventRounds "11"]
[EventCountry "FRA"]
[SourceTitle "EXT 2006"]
[Source "ChessBase"]
[SourceDate "2005.11.24"]
[SourceVersion "1"]
[SourceVersionDate "2005.11.24"]
[SourceQuality "1"]
[WhiteTeam "Pontoise"]
[BlackTeam "Arras"]
[WhiteTeamCountry "FRA"]
[BlackTeamCountry "FRA"]

1. e4 Nf6 2. e5 Nd5 3. c4 Nb6 4. d4 d6 5. exd6 cxd6 6. Be2 g6 7. Be3 Bg7 8. Qd2 Nc6 9. Nc3 d5 10. c5 Nc4 11. Bxc4 dxc4 12. Nge2 Bf5 13. 0-0 Bd3 14. d5 Nb4 15. d6 exd6 16. Nb5 Nc2 17. Nxd6+ Kf8 18. Rac1 Nxe3 19. fxe3 f5 20. Nf4 Qf6 21. Nxd3 cxd3 22. Qxd3 Rd8 23. Rf2 Bh6 24. Rcf1 Qe5 25. Rxf5+ 1-0

[Event "FRA-chT2"]
[White "Yacob, Francois"]
[Black "Bouhallel, Rabah"]
[Site "France"]
[Round "10"]
[Result "0-1"]
[Date "2002.03.23"]
[WhiteElo "2196"]
[BlackElo "2359"]
[PlyCount "80"]
[EventDate "2002.??.??"]
[EventType "team-tourn"]
[EventRounds "11"]
[EventCountry "FRA"]
[SourceTitle "EXT 2003"]
[Source "ChessBase"]
[SourceDate "2002.11.25"]
[SourceVersion "1"]
[SourceVersionDate "2002.11.25"]
[SourceQuality "1"]

1. e4 c5 2. Nf3 e6 3. Nc3 a6 4. d4 cxd4 5. Nxd4 Qc7 6. f4 b5 7. Qf3 Bb7 8. Bd3 Nf6 9. g4 b4 10. Nce2 d5 11. e5 Ne4 12. Ng3 Nc5 13. Qe2 Nbd7 14. Bd2 Qb6 15. Nb3 Rc8 16. Nxc5 Nxc5 17. Nh5 Nxd3+ 18. Qxd3 d4 19. Rf1 a5 20. Rf2 Qc6 21. Rc1 Qe4+ 22. Qxe4 Bxe4 23. Kd1 Rg8 24. f5 Bc5 25. Rf4 Bd5 26. Ra1 Kd7 27. c3 dxc3 28. bxc3 bxc3 29. Bc1 Kc6 30. Kc2 Kd7 31. Ra4 Bb4 32. a3 Bc5 33. Kxc3 Be3+ 34. Kb2 Rb8+ 35. Kc3 Rgc8+ 36. Kd3 Rb3+ 37. Ke2 Bxc1 38. Rxa5 Be3 39. Rd1 Rc2+ 40. Kf1 Rbb2 0-1

[Event "Paris-ch op"]
[White "Borzakian, Manouk"]
[Black "Yacob, Francois"]
[Site "Paris"]
[Round "5"]
[Result "1-0"]
[Date "2000.07.19"]
[WhiteElo "2091"]
[BlackElo "2266"]
[PlyCount "53"]
[EventDate "2000.07.15"]
[EventType "swiss"]
[EventRounds "9"]
[EventCountry "FRA"]
[SourceTitle "EXT 2001"]
[Source "ChessBase"]
[SourceDate "2000.11.22"]
[SourceVersion "1"]
[SourceVersionDate "2000.11.22"]
[SourceQuality "1"]

1. e4 c5 2. Nc3 Nc6 3. f4 g6 4. Nf3 Bg7 5. Bb5 Nd4 6. 0-0 e6 7. e5 Ne7 8. Nxd4 cxd4 9. Ne4 0-0 10. b3 d5 11. Nf6+ Bxf6 12. exf6 Nc6 13. Bxc6 bxc6 14. Ba3 Re8 15. Be7 Rxe7 16. fxe7 Qxe7 17. d3 a5 18. Qe2 c5 19. f5 Qg5 20. Rf3 Bd7 21. fxg6 hxg6 22. Raf1 Rf8 23. Rg3 Qd8 24. Qe5 Qb8 25. Qg5 Qe8 26. Qh6 e5 27. Rf6 1-0

[Event "Paris-ch op"]
[White "Yacob, Francois"]
[Black "Trommsdorf, Fro"]
[Site "Paris"]
[Round "8"]
[Result "0-1"]
[Date "1999.07.24"]
[WhiteElo "2262"]
[BlackElo "2174"]
[PlyCount "51"]
[EventDate "1999.07.17"]
[EventType "swiss"]
[EventRounds "9"]
[EventCountry "FRA"]
[SourceTitle "EXT 2000"]
[Source "ChessBase"]
[SourceDate "1999.11.16"]
[SourceVersion "1"]
[SourceVersionDate "1999.11.16"]
[SourceQuality "1"]

1. e4 c6 2. d4 d5 3. Nc3 g6 4. Nge2 Bg7 5. exd5 cxd5 6. g3 Bf5 7. Bg2 Nf6 8. h3 h5 9. Nf4 Nc6 10. Nfxd5 Nxd5 11. Nxd5 Nxd4 12. Ne3 Nxc2+ 13. Nxc2 Qxd1+ 14. Kxd1 Rd8+ 15. Bd2 Bxb2 16. Re1 Bc3 17. Re2 Bxc2+ 18. Kxc2 Bxa1 19. Bxb7 Kf8 20. a4 Rd7 21. Bf3 Kg7 22. Bf4 e5 23. Bxe5+ Bxe5 24. Rxe5 Rc8+ 25. Kb1 Rd2 26. Re7 0-1

[Event "FRA-chT2O 9899"]
[White "Gerard, Nicolas"]
[Black "Yacob, Francois"]
[Site "France"]
[Round "8"]
[Result "1/2-1/2"]
[Date "1999.03.06"]
[WhiteElo "2238"]
[BlackElo "2270"]
[PlyCount "152"]
[EventDate "1998.??.??"]
[EventType "team-tourn"]
[EventRounds "9"]
[EventCountry "FRA"]
[SourceTitle "EXT 2002"]
[Source "ChessBase"]
[SourceDate "2001.11.25"]
[SourceVersion "1"]
[SourceVersionDate "2001.11.25"]
[SourceQuality "1"]

1. d4 Nf6 2. c4 e6 3. Nc3 d5 4. cxd5 exd5 5. Bg5 Be7 6. e3 c6 7. Qc2 Ne4 8. Bxe7 Qxe7 9. Nxd5 cxd5 10. Qxc8+ Qd8 11. Qxd8+ Kxd8 12. Nf3 Nc6 13. Rc1 f6 14. Bb5 a6 15. Bxc6 Rc8 16. Nd2 Nxd2 17. Kxd2 Rxc6 18. Rxc6 bxc6 19. Rc1 Kc7 20. Rc3 Rb8 21. Kc2 h5 22. Ra3 Ra8 23. Kc3 g5 24. Rb3 g4 25. Kb4 a5+ 26. Kc3 h4 27. Kd2 f5 28. Ke2 Rf8 29. f3 h3 30. g3 Re8 31. Rc3 Rb8 32. b3 a4 33. fxg4 fxg4 34. Kd3 Ra8 35. b4 Rf8 36. Rc2 a3 37. b5 Rf1 38. bxc6 Rd1+ 39. Ke2 Rh1 40. Kd3 Rd1+ 41. Rd2 Re1 42. Rc2 Rd1+ 43. Kc3 Re1 44. Kb4 Rxe3 45. Kc5 Re1 46. Kxd5 Rb1 47. Ke4 Rb2 48. Kd3 Rb5 49. Kd2 Rb4 50. Ke3 Rb2 51. Kd2 Rb4 52. d5 Rd4+ 53. Ke3 Rxd5 54. Kf4 Rd4+ 55. Kf5 Rb4 56. Rc3 Ra4 57. Kg5 Rb4 58. Rxa3 Kxc6 59. Rb3 Ra4 60. a3 Kc5 61. Kf5 Rd4 62. Rb4 Rd2 63. Rxg4 Rxh2 64. Rh4 Rh1 65. g4 h2 66. Kg5 Kd5 67. Rh6 Ke4 68. Rh3 Ke5 69. Re3+ Kd4 70. Re2 Kd3 71. Rb2 Ke4 72. Kh4 Kf4 73. Rb4+ Ke5 74. Rb2 Kf4 75. Kh3 Ra1 76. Kxh2 Kg5 1/2-1/2

[Event "Syre Memorial op 19th"]
[White "Belkhodja, Slim"]
[Black "Yacob, Francois"]
[Site "Issy les Moulineaux"]
[Round "4"]
[Result "1-0"]
[Date "1996.??.??"]
[WhiteElo "2400"]
[BlackElo "2260"]
[PlyCount "91"]
[EventDate "1996.05.??"]
[EventType "swiss"]
[EventRounds "6"]
[EventCountry "FRA"]
[SourceTitle "EXT 2005"]
[Source "ChessBase"]
[SourceDate "2004.11.15"]
[SourceVersion "1"]
[SourceVersionDate "2004.11.15"]
[SourceQuality "1"]

1. e4 c5 2. Nf3 d6 3. d4 cxd4 4. Qxd4 a6 5. c4 Nf6 6. Nc3 g6 7. Bg5 Nc6 8. Qd2 Bg7 9. Be2 0-0 10. 0-0 Qa5 11. a3 b5 12. b4 Qb6 13. Bxf6 exf6 14. cxb5 axb5 15. Bxb5 f5 16. Bxc6 Qxc6 17. Nd4 Qb6 18. Rfd1 fxe4 19. Nxe4 Bb7 20. Ng3 Ra4 21. Nf1 Rfa8 22. Ne3 Qa6 23. Rac1 Rxa3 24. Nc4 Ra2 25. Qf4 d5 26. Nd6 Rf8 27. b5 Qb6 28. Nc6 Bxc6 29. Rxc6 Qa5 30. g3 Ra1 31. Rxa1 Qxa1+ 32. Kg2 Be5 33. Qd2 d4 34. Nc4 Bg7 35. Qd3 Qc3 36. Qe4 d3 37. Rd6 Qb4 38. Qd5 Bh6 39. b6 d2 40. Nxd2 Bxd2 41. Qxd2 Qe4+ 42. f3 Qb1 43. g4 Qb5 44. h4 h5 45. gxh5 Qxh5 46. Rd8 1-0